Handbook of categorical algebra 1: Basic category theory Encyclopedia of mathematics and its applications vol. 50 /

Guardado en:
Detalles Bibliográficos
Autor principal: Borceux, Francis (Autor)
Formato: Libro
Lenguaje:inglés
Publicado: Cambridge: Cambridge University Press, 2008
Edición:2. vyd.
Colección:Encyclopedia of mathematics and its applications vol. 50
Materias:
Etiquetas: Agregar Etiqueta
Sin Etiquetas, Sea el primero en etiquetar este registro!

MARC

LEADER 00000nam a22000003a 4500
001 0009922
003 SK-STU
005 20151207152848.0
007 ta
008 151207s ----xo-----e------000-0-----d
020 |a 978-0-521-44178-0 (hardback) 
020 |a 978-0-521-06119-3 (paperback) 
040 |a STU  |b slo 
041 0 |a eng  |h eng 
044 |a xxk 
100 1 |a Borceux, Francis  |r Z6  |4 aut 
245 1 0 |a Handbook of categorical algebra 1:  |b Basic category theory  |p Encyclopedia of mathematics and its applications vol. 50 /  |c aut. Francis Borceux 
250 |a 2. vyd. 
260 |a Cambridge:  |b Cambridge University Press,  |c 2008 
300 |a 345 s. 
490 0 |a Encyclopedia of mathematics and its applications vol. 50 
650 0 7 |a algebra 
996 |c V* 52276/O-23433  |d Encyclopedia of mathematics and its applications vol. 50 /  |l VV11  |s P  |a 0  |w 0009922_0001